The Statesman's year-book (Record no. 2264)

MARC details
000 -LEADER
campo de control de longitud fija 00773nas a2200253 i 4500
001 - NÚMERO DE CONTROL
campo de control 2264
003 - IDENTIFICADOR DE NÚMERO DE CONTROL
campo de control ES-MaACL
005 - FECHA Y HORA DE LA ÚLTIMA TRANSACCIÓN
campo de control 20250803062530.0
007 - CAMPO FIJO DE DESCRIPCIÓN FÍSICA--INFORMACIÓN GENERAL
campo de control de longitud fija t|
008 - DATOS DE LONGITUD FIJA--INFORMACIÓN GENERAL
campo de control de longitud fija 950801c1864 xxk | | 1 ||ng d
022 ## - NÚMERO INTERNACIONAL NORMALIZADO PARA PUBLICACIONES SERIADAS
Número Internacional Normalizado para Publicaciones Seriadas 0081-4601
080 ## - NÚMERO DE LA CLASIFICACIÓN DECIMAL UNIVERSAL
Número de la Clasificación Decimal Universal 410
245 04 - MENCIÓN DEL TÍTULO
Título The Statesman's year-book
Resto del título : statistical and historial annual of the civilized world /
Mención de responsabilidad, etc. edited by John Scott Keltie.
260 ## - PUBLICACIÓN, DISTRIBUCIÓN, ETC.
Lugar de publicación, distribución, etc. London :
Nombre del editor, distribuidor, etc. Macmillan and Cº,
Fecha de publicación, distribución, etc. 1864- (
Fabricante Spottiswoode and Company)
300 ## - DESCRIPCIÓN FÍSICA
Extensión 40 v. ;
Dimensiones 19 cm.
310 ## - PERIODICIDAD ACTUAL
Periodicidad actual Anual
362 0# - FECHAS DE PUBLICACIÓN Y/O DESIGNACIÓN SECUENCIAL
Fecha de publicación y/o designación secuencial Año I (1864)
650 17 - PUNTO DE ACCESO ADICIONAL DE MATERIA--TÉRMINO DE MATERIA
Término de materia o nombre geográfico como elemento de entrada Historia
Fuente del encabezamiento o término embne
9 (RLIN) 179933
700 1# - ENTRADA AGREGADA--NOMBRE PERSONAL
Nombre de persona Espstein, M.
9 (RLIN) 47953
700 1# - ENTRADA AGREGADA--NOMBRE PERSONAL
Nombre de persona Keltie, J. Scott.
9 (RLIN) 128443
852 ## - LOCALIZACIÓN
Ubicación ES-MaACL
Número de control de estantería Hem-1057
866 #0 - MENCIÓN TEXTUAL DE FONDOS--UNIDAD BIBLIOGRÁFICA BÁSICA
Fondos 1892-95,1897-1918,1920-25,1931-35.
Holdings
Estatus retirado Estado de pérdida Estado de daño No para préstamo Colección Biblioteca de origen Biblioteca actual Ubicación en estantería Fecha de adquisición Fuente de adquisición Total de préstamos Signatura topográfica completa Código de barras Visto por última vez Precio de reemplazo Tipo de ítem Koha
        Periódicos y Revistas Biblioteca del Ateneo de Madrid Biblioteca del Ateneo de Madrid Depósito 1 17/01/2008     Hem-1057 1002304 23/02/2023 23/02/2023 Revista